[Event "Sigeman & Co 12th"]
[Site "Malmo/Copenhagen"]
[Date "2004.04.30"]
[Round "1"]
[White "Hector, Jonny"]
[Black "Carlsen, Magnus"]
[Result "1/2-1/2"]
[WhiteElo "2512"]
[BlackElo "2552"]
[Annotator "Rogozenco,Dorian"]
[PlyCount "76"]
[EventDate "2004.04.30"]
[EventType "tourn"]
[EventRounds "9"]
[EventCountry "SWE"]
[EventCategory "13"]
[SourceTitle "CBM 101"]
[Source "ChessBase"]
[SourceDate "2004.07.27"]
[SourceVersion "1"]
[SourceVersionDate "2004.07.27"]
[SourceQuality "1"]

1. e4 {Rogozenco,Dorian} c5 2. Nf3 Nc6 3. d4 cxd4 4. Nxd4 Nf6 5. Nc3 e5 6. Ndb5 d6 7. Bg5 a6 8. Na3 b5 9. Bxf6 gxf6 10. Nd5 Bg7 11. c3 f5 12. exf5 Bxf5 13. Nc2 O-O 14. Nce3 Be6 15. Bd3 f5 16. O-O Ra7 {Besides the obvious idea to transfer the rook to the kingside and support active actions there, 16...Ra7 also prepares ...Ne7.} (16... Ne7 $2 17. Nxe7+ Qxe7 18. Nxf5 Bxf5 19. Bxf5 Rxf5 20. Qd5+ $18 {[%csl Ra8]}) 17. a4 (17. f4 Ne7 $1 {offers Black excellent prospects.}) (17. Qh5 Raf7 $13) 17... Ne7 18. Nxe7+ ({The piece sacrifice} 18. axb5 Nxd5 19. Bc4 Nf4 20. Bxe6+ Nxe6 21. Qd5 {leads to unclear play, where Black's chances shouldn't be worse:} Qf6 22. Rxa6 Rd7 23. Rxd6 (23. Qc4 Qf7 {looks good for Black.}) 23... Rxd6 24. Qxd6 Rd8 25. Qc6 $13) 18... Rxe7 19. axb5 axb5 20. Bxb5 (20. Bc2 Kh8 $5 (20... d5 21. Bb3 f4 22. Nxd5 Rd7 23. Nb4 Rxd1 24. Bxe6+ Kh8 25. Raxd1 Qe7 26. Bd5 e4 27. Rfe1 e3 28. Bf3 Qc5 $11 {½-½ Golubev,M-Rogozenko,D/Germany 2003 (33)}) 21. Ra6 (21. Bb3 $5) 21... e4 22. Nd5 Ree8 23. Nf4 Bc4 24. Re1 Be5 $15 {½-½ Shirov,A-Kramnik,V/Linares 2004 (32)}) ({RR} 20. Bc2 d5 21. Bb3 f4 22. Nxd5 Rd7 23. Nb4 Rxd1 24. Bxe6+ Kh8 25. Raxd1 Qe7 26. Bd5 e4 27. Rfe1 e3 28. Bf3 Qc5 29. Re2 exf2+ 30. Kf1 Bf6 31. Nd3 Qg5 32. Nxf2 Rd8) 20... d5 21. Ra6 ({RR} 21. Nc2 Rb7 22. Bc6 Rxb2 23. Ra8 Qd6 24. Ra6 Qc5 25. Nb4 Qxc3 26. Bxd5 Qxb4 27. Bxe6+) 21... Kh8 $1 (21... f4 22. Rxe6 Rxe6 23. Qxd5 $14) ({RR} 21... f4 22. Rxe6 Rxe6 23. Qxd5) 22. Qa4 (22. Nc2 Qb8 23. Qe2 f4 24. f3 Bc8 25. Ra2 e4 26. Nb4 Bb7 $44 {Cerqueira Filho,R-Dias,S correspondence game 2000.}) (22. Qh5 f4 23. Ng4 Qb8 24. Be2 Qxb2 $17 {Hodova,L-Priborsky,J/Plzen 2003.}) (22. f4 d4 23. cxd4 exf4 24. Rxf4 Bc8 ({RR} 24... Qb8 25. Qf1 Bc8 26. Ra3 Re4 27. Rxe4 fxe4 28. Qc4) 25. Ra3 Bh6 26. Rf3 f4 27. Nc2 Bg4 $13 {0-1 Hector,J-Rogozenko,D/Gothenburg 2004 (56)}) (22. Nc2 Qb8 23. Qe2 f4 24. f3 Bc8 25. Ra2 e4 26. Nb4 Bb7 $44 {Cerqueira Filho,R-Dias,S correspondence game 2000.}) (22. Qh5 f4 23. Ng4 Qb8 24. Be2 Qxb2 $17 {Hodova,L-Priborsky,J/Plzen 2003.}) (22. Qa4 f4 23. Nc2 Bc8 24. Ra8 Re6 25. Ra1 Rh6 26. Qb4 Qh4 27. h3 Rg6 28. Bd7 Bxd7 29. Rxf8+ Bxf8 30. Qxf8+ Rg8 31. Qd6 Rxg2+ {0,5-0,5 Teichmann-Marotta, 15 e-mail OL 2003}) ({RR} 22. f4 d4 23. cxd4 exf4 24. Rxf4 Bc8 25. Ra3 Bh6 26. Rf3 f4 27. Nc2 Bg4 28. b4 Bxf3 29. Rxf3 Qb6 30. Qd3 Bg7 31. h3 Qd6 32. d5 Ra7 33. Kh2 ({RR} 33. Bc4) 33... Ra2 34. Qe4 Qe5 35. Bd3 Qxe4 36. Bxe4 Re8 {Hector,J (2518)-Rogozenco,D (2517) Gothenburg 2004 CBM 099 [Rogozenco,Dorian] 0-1 (56)}) ({RR} 22. Nc2 Qb8 23. Qe2 f4 24. f3 Bc8 25. Ra2 e4 26. Nb4 Bb7) ({RR} 22. Qh5 f4 23. Ng4 Qb8 24. Be2 Qxb2) 22... f4 23. Nc2 Rg8 $146 ({A more convincing plan was demonstrated in the following little known game:} 23... Bc8 24. Ra8 Re6 $1 {Black is going to attack first h2, not g2.} 25. Ra1 Rh6 26. Qb4 Qh4 27. h3 Rg6 28. Bd7 Bxd7 29. Rxf8+ Bxf8 30. Qxf8+ Rg8 31. Qd6 Rxg2+ {0,5-0,5 Teichmann-Marotta, 15 e-mail OL 2003}) 24. Ra1 Bc8 $146 ({RR} 24... Bf8 25. Ne1 Bf5 26. Qa5 Qc8 27. Bc6 Bh3 28. Bxd5 Bxg2 29. Nxg2 Qg4 30. Qb6 Reg7 31. Qf6 Qh5 32. Ra7 {1-0 (32) Eggleston,D (2372)-Woods,C (1934) Liverpool 2008}) 25. Ra8 Bf8 (25... f3 26. g3) 26. Bf1 Reg7 27. Qc6 $1 Rc7 28. Qb5 Bc5 $5 29. b4 Bxf2+ {Unexpected decision, which suddenly requires from White a very precise defence.} 30. Kxf2 Rxc3 31. Ne1 (31. Qe2 $1 {[%csl Re5]} e4 32. Kg1 {[%csl Rh8][%cal Ge2d2,Gd2d4] and White defends against direct threats. Black keeps the initiative though, thanks to his strong central pawns.}) 31... f3 $1 {A very nice sacrifice, winning time for bringing more pieces into attack.} 32. Nxf3 (32. gxf3 $2 Qh4+ 33. Ke2 Qd4 $19) ({The cool} 32. Kg1 $5 {was a better alternative} Qf6 (32... fxg2 33. Bxg2 e4 $44 34. Rd1 $5) 33. Kh1 $13) 32... e4 33. Ne1 (33. Qe2 $2 Qb6+ (33... exf3 $4 34. Qe5+ $18) 34. Ke1 Re3) 33... Qf6+ 34. Kg1 Rf8 35. R8a2 Ra3 $1 36. Qe2 (36. Rxa3 $4 Qf2+ 37. Kh1 Qxf1+ 38. Qxf1 Rxf1#) 36... Qb6+ 37. Kh1 Qf6 38. Kg1 Qd4+ ({Without any risk, Black could play on with} 38... Qd4+ 39. Kh1 Bg4 $1) 1/2-1/2

[Event "Sigeman & Co 12th"]
[Site "Malmo/Copenhagen"]
[Date "2004.05.01"]
[Round "2"]
[White "Carlsen, Magnus"]
[Black "Hansen, Curt"]
[Result "0-1"]
[WhiteElo "2552"]
[BlackElo "2635"]
[Annotator "Psakhis,Lev"]
[PlyCount "82"]
[EventDate "2004.04.30"]
[EventType "tourn"]
[EventRounds "9"]
[EventCountry "SWE"]
[EventCategory "13"]
[SourceTitle "CBM 101"]
[Source "ChessBase"]
[SourceDate "2004.07.27"]
[SourceVersion "1"]
[SourceVersionDate "2004.07.27"]
[SourceQuality "1"]

1. e4 e6 2. d4 d5 3. e5 c5 4. c3 Nc6 5. Nf3 Bd7 6. Be2 Nge7 7. Na3 (7. O-O Ng6 8. g3 {[%cal Gh2h4]}) 7... cxd4 8. cxd4 Nf5 9. Nc2 Qa5+ {At this moment Black had a great choice of reasonable alternatives, for example:} (9... Nb4 10. O-O (10. Ne3 Nxe3 11. fxe3 Be7 12. O-O O-O 13. Bd2 Nc6 14. Bd3 f6 15. exf6 Bxf6 16. Bc3 Qb6 17. Rf2 Ne7 18. Qe2 Be8 19. Ne5 $36 {1-0 Dvoirys,S-Wempe,J/Dieren op 2002 (30)}) 10... Nxc2 11. Qxc2 Qb6 12. Qd3 a6 13. a4 Bb4 14. h4 a5 15. g3 h6 16. Kg2 O-O-O 17. Bd2 Kb8 18. Rfc1 Rc8 19. b3 Rhd8 20. Bf4 Ne7 21. Rxc8+ Rxc8 22. Rc1 $14 {1-0 Potkin,V-Berkes,F/Wch B20 Goa 2002/ (50)}) (9... Qb6 10. O-O Rc8 (10... a5 11. Kh1 Nb4 12. Ne3 Be7 13. Nxf5 exf5 14. Bd2 O-O 15. a3 Nc6 16. Bc3 Rfb8 $5 17. Qd2 Qd8 18. b3 Rc8 19. Bd3 g6 20. Rfe1 Be6 21. Reb1 Qf8 22. Bb2 Qd8 23. Bc1 $14 {0-1 Cherniaev,A-Dzhakaev,D/EUR-ch Istanbul 2003/CBM 96 (34)}) 11. Kh1 Na5 12. g4 Ne7 13. Nfe1 h5 14. gxh5 Nf5 15. Bg4 Nh6 16. Bh3 Nc6 17. b3 Kd8 18. Ng2 Kc7 19. Nf4 Rd8 20. Rg1 Kb8 21. Bb2 Ne7 22. Ne3 $14 {[%csl Gf4,Gh3] 1-0 Charbonneau,P-Barsov,A/Montreal 2003/CBM 97 (38)}) 10. Bd2 Qb6 11. Bc3 a5 12. O-O Be7 13. a4 (13. a3 $5 O-O 14. Bd3 Kh8 15. Re1 Na7 16. a4 Nc6 17. Bb5 Be8 18. Qd2 f6 19. exf6 Rxf6 20. Ne3 Nxe3 21. Rxe3 Bd6 $13 {½-½ Timman,J-Sokolov,I/Amsterdam (m/3) 1996/[Sokolov,I] (34)}) (13. Ne3 $5 Nxe3 14. fxe3 O-O 15. Bd3 Nb4 16. Bb1 a4 17. a3 Nc6 18. Qe1 Na5 19. Bb4 $1 Qd8 (19... Bxb4 $2 20. Bxh7+ $1 $18) 20. Bd3 Nc6 21. Bxe7 Qxe7 22. Qg3 $14 {1-0 Galdunts,S-Bricard,E/Bischwiller-A 1999/EXT 2001 (27)}) (13. Qd2 O-O 14. Ne3 Nxe3 15. Qxe3 Nb4 16. Rfc1 Bb5 17. Bd1 Bc4 18. b3 Bb5 19. a3 Nc6 20. h4 Rfc8 21. g3 Rc7 22. Kg2 Rac8 23. Qd2 Qa6 $15 {[%cal Gb5d3] 0-1 Zlotnik,B-Romero Holmes,A/Villa de Albox 2003/ (66)}) ({RR} 13. a3 O-O 14. Bd3 Kh8 15. Re1 Na7 16. a4 Nc6 17. Bb5 Be8 18. Qd2 f6 19. exf6 Rxf6 20. Ne3 Nxe3 21. Rxe3 Bd6 22. g3 Nb4 23. Bf1 Bg6 24. Nh4 Be4 25. Rae1 Rh6 26. f3 Rxh4 27. fxe4 Rxe4 {Timman,J (2590)-Sokolov,I (2670) Amsterdam 1996 ½-½ (34)}) ({RR} 13. a3 Na7 14. a4 Rc8 15. Qd2 Nc6 16. Bb5 Nb4 17. Nxb4 axb4 18. Bxb4 Bxb5 19. axb5 Qxb5 20. Bxe7 Nxe7 21. Qg5 Nf5 22. Rfc1 O-O 23. Qd2 h6 24. h3 Rc4 25. Rxc4 dxc4 26. Ra5 Qd7 27. Rc5 Rc8 {Kapechun,M (1985)-Badacsonyi,S (2309) London ENG 2025 ½-½ (39)}) 13... O-O 14. Bb5 $146 (14. Na3 f6 (14... Rac8 $5) 15. exf6 Rxf6 (15... Bxf6) 16. Nb5 Raf8 17. Qd2 Nd6 18. Rac1 Ne4 19. Qe3 Be8 $11 {1-0 Rozentalis,E-King,D/Mondorf 1991 (37)}) ({RR} 14. Na3 f6 15. exf6 Rxf6 16. Nb5 Raf8 17. Qd2 Nd6 18. Rac1 Ne4 19. Qe3 Be8 20. Nd2 Nxc3 21. bxc3 e5 22. Rb1 exd4 23. Nxd4 Qa7 24. Bf3 Bf7 25. Rb5 Bc5 26. N2b3 Re8 27. Nxc6 Rxc6 28. Qd2 Rd8 {Rozentalis,E (2575)-King,D (2505) Mondorf 1991 1-0 (37)}) ({RR} 14. g4 Nh6 15. Ne3 f6 16. exf6 Rxf6 17. g5 Rxf3 18. Bxf3 Bxg5 19. Be2 Rf8 20. Bb5 Qc7 21. Qh5 Bf4 22. Kh1 Nf5 23. Nxf5 Rxf5 24. Qe2 Bxh2 25. Bxc6 bxc6 26. f4 Bg3 27. Qg4 Bxf4 28. Bxa5 Qb8 {Ward,C (2430)-King,D (2500) Gausdal 1993 0-1 (44)}) 14... f6 {Black is ideally developed, now it is time for action!} 15. g4 (15. exf6 Bxf6 $11) 15... Nh6 16. exf6 Rxf6 {[%cal Gf6f1]} (16... gxf6 $5 {[%cal Gh6f7]}) 17. Ne5 ({Black doing well after} 17. g5 Rxf3 18. Qxf3 Bxg5 $44) 17... Nxe5 18. dxe5 Rg6 $1 {Seemingly, this move escaped Carlsen's attention. Now we see, that black has succeeded to solve his opening problems and it's White, who must think about defence now.} ({Weaker} 18... Bxb5 19. exf6 Bxf1 20. fxe7 Ba6 21. Qd2 {[%csl Gc3,Ge7]}) 19. Bd4 $2 ({I think White should have taken his chances with} 19. Bxd7 $5 {for example:} Nxg4 20. Bd4 (20. Kh1 Nxf2+ 21. Rxf2 Qxf2 22. Qf1 Qxc2 $19) 20... Qb3 21. Bxe6+ $1 Rxe6 22. Ne3 Qxd1 23. Raxd1 Nxe5 24. Nxd5 Nf3+ 25. Kg2 Nxd4 26. Nxe7+ Rxe7 27. Rxd4 Rae8 $11) 19... Bc5 $1 20. Bxd7 (20. Bxc5 Qxc5 21. Bxd7 Nxg4 22. Bxe6+ Rxe6 23. Nd4 (23. Qxg4 Rg6 24. Qxg6 hxg6 25. Rac1 Rc8 $17) 23... Rxe5 24. Qxg4 Re4 $17) 20... Bxd4 21. Nxd4 Rxg4+ 22. Qxg4 (22. Kh1 Rxd4 23. Qc2 (23. Bxe6+ Kh8 $19) 23... Rf8 $19) 22... Nxg4 23. Bxe6+ Kh8 24. Rad1 Nxe5 $19 {Black's positional and material advantage is decisive.} 25. Bxd5 (25. Rfe1 Nc6) 25... Rf8 ({Maybe} 25... Qg6+ $5 26. Bg2 (26. Kh1 Rd8) 26... Nd3 $19 {[%cal Rd3f4] was better choice.}) 26. Ne6 (26. Rfe1 Ng6 {[%cal Gg6f4]}) 26... Rf6 27. Rc1 Nc6 $1 28. b3 (28. Rc2 $5) 28... Ne7 29. Nc7 $8 h6 (29... h5 $5) 30. Be4 Rf8 (30... Rf4 $5) 31. Nb5 (31. Rc3) 31... Qe6 $1 32. Rc4 Ng6 33. Nc7 $2 {Final mistake.} (33. Bxb7 $142 $5 Nf4 {[%csl Gf4]}) 33... Qg4+ 34. Kh1 (34. Bg2 Nf4 $19) 34... Qe2 {Further casualties are unavoidable because of unstable position of White's king.} (34... Ne5 $1 35. Rg1 Qe2 36. Rd4 Rc8 $19) 35. Bg2 Rxf2 36. Rg1 (36. Rxf2 Qxf2 37. h3 Nf4) 36... Rxg2 $1 37. Rxg2 Qf1+ 38. Rg1 Qf3+ 39. Rg2 Nf4 40. Rxf4 Qxf4 41. Rxg7 (41. Nb5 Qf1+ 42. Rg1 Qf3+ 43. Rg2 Qxb3) 41... Qc1+ $1 0-1

[Event "Sigeman & Co 12th"]
[Site "Malmo/Copenhagen"]
[Date "2004.05.04"]
[Round "5"]
[White "Aagaard, Jacob"]
[Black "Carlsen, Magnus"]
[Result "1/2-1/2"]
[WhiteElo "2400"]
[BlackElo "2552"]
[PlyCount "78"]
[EventDate "2004.04.30"]
[EventType "tourn"]
[EventRounds "9"]
[EventCountry "SWE"]
[EventCategory "13"]
[SourceTitle "CBM 101"]
[Source "ChessBase"]
[SourceDate "2004.07.27"]
[SourceVersion "1"]
[SourceVersionDate "2004.07.27"]
[SourceQuality "1"]

1. e4 c5 2. Nf3 Nc6 3. d4 cxd4 4. Nxd4 Nf6 5. Nc3 e5 6. Ndb5 d6 7. Bg5 a6 8. Na3 b5 9. Bxf6 gxf6 10. Nd5 Bg7 11. c3 f5 12. exf5 Bxf5 13. Nc2 O-O 14. Nce3 Bg6 15. a4 b4 ({RR} 15... Rb8 16. axb5 axb5 17. Ra6 Nd4 18. Bd3 e4 19. Bb1 Nf5 20. Nxf5 Bxf5 21. Ne3 Bg6 22. h4 h5 23. g4 hxg4 24. Rxd6 Qe7 25. h5 Bh7 26. h6 Be5 27. Qxg4+ Kh8 28. Rd7 Qe8 29. Nd5 Rg8 30. Qh3 {Juarez Flores,C (2374)-Otero Acosta,D (2348) Manizales 2021 1-0 (39)}) 16. Nxb4 Nxb4 17. cxb4 e4 ({RR} 17... f5 18. Bc4+ Kh8 19. Bd5 f4 20. Nc4 Rb8 21. Qd2 e4 22. O-O Qh4 23. Rfd1 f3 24. g3 Qh3 25. Ne3 Rf6 26. Bc4 Bf7 27. Bf1 Qh5 28. b5 axb5 29. axb5 Rh6 30. h3 Be6 31. g4 Qe8 32. Ra6 {Lie,K (2536)-Moiseenko,A (2641) Tromsoe 2007 1-0 (41)}) 18. Bc4 $146 ({RR} 18. Qb3 Kh8 19. Bc4 f5 20. O-O f4 21. Nd5 Be5 22. Qh3 Rf5 23. g4 Rg5 24. f3 h5 25. Nc3 exf3 26. Kh1 Rxg4 27. Qxf3 Rb8 28. b5 Qh4 29. Rf2 Rg3 30. Qe2 Re3 31. Qd2 Bxc3 32. bxc3 Be4+ {Ostradicky,D-Maly,A (2300) Bratislava 1996 ½-½ (47)}) ({RR} 18. Ra2 f5 19. Bc4+ Kh8 20. Nd5 f4 21. b3 Qg5 22. Kf1 f3 23. g3 Bf7 24. h4 Qe5 25. Kg1 Rae8 26. Kh2 Re6 27. Bxa6 Rh6 28. Bc4 Rxh4+ 29. Kg1 Rxh1+ 30. Kxh1 Be6 31. a5 Bh3 32. Ne3 Qg5 {Nguyen,K (2060)-Reeve,J (2364) Edmonton 2005 0-1 (42)}) 18... Bxb2 19. h4 h6 20. Rb1 Bc3+ 21. Kf1 Kh8 22. g3 f5 23. Nd5 Be5 24. Qd2 Kh7 25. Kg2 Ra7 26. Nf4 Bxf4 27. Qxf4 Bh5 28. Rhe1 Rg7 29. Rbd1 Bxd1 30. Rxd1 Rf6 31. Be6 Kh8 32. Rxd6 Qe7 33. Qe5 f4 34. Rxa6 e3 35. Ra8+ Rf8 36. Rxf8+ Qxf8 37. fxe3 fxg3 38. Qf4 Qxf4 39. exf4 Ra7 1/2-1/2

[Event "Sigeman & Co 12th"]
[Site "Malmo/Copenhagen"]
[Date "2004.05.07"]
[Round "7"]
[White "Rozentalis, Eduardas"]
[Black "Carlsen, Magnus"]
[Result "1-0"]
[WhiteElo "2619"]
[BlackElo "2552"]
[Annotator "Postny,Evgeny"]
[PlyCount "97"]
[EventDate "2004.04.30"]
[EventType "tourn"]
[EventRounds "9"]
[EventCountry "SWE"]
[EventCategory "13"]
[SourceTitle "CBM 101"]
[Source "ChessBase"]
[SourceDate "2004.07.27"]
[SourceVersion "1"]
[SourceVersionDate "2004.07.27"]
[SourceQuality "1"]

1. e4 c5 2. Nf3 Nc6 3. Bb5 g6 4. O-O Bg7 5. Re1 Nf6 ({Another theoretical direction is} 5... e5) 6. e5 ({The main alternative is} 6. c3 {[%cal Gd2d4]}) 6... Nd5 7. Nc3 Nc7 8. Bxc6 dxc6 9. Ne4 Ne6 10. d3 {This is very solid theoretical line, where white does not get much, but plays almost without any risk.} O-O (10... h6 {--> 0-1 Lederer,Y-Mikhalevski,V/Israel 2003/CBM 94 [Mikhalevski,V] (42)}) 11. Be3 b6 12. Qd2 f5 {Black wants to get rid of the annoying e5 as soon as possible.} ({Solid alternative is} 12... Nd4 {--> 1-0 Benjamin,J-Ni Hua/Shanghai 2002/CBM 91 [Rabinovich,Al] (32)}) (12... f6 13. exf6 exf6 {- see 12...f5.}) 13. exf6 exf6 14. Bh6 Qd7 $6 $146 {This novelty is a serious inaccuracy.} ({Stronger is} 14... a5 15. Bxg7 Kxg7 16. Qc3 (16. Re2 Ra7 17. Rae1 Raf7 18. h4 h5 19. b3 Qc7 20. Ng3 Nd4 21. Nxd4 cxd4 $11 {½-½ Kramnik,V-Kasparov,G/Moscow 1996/CBM 52 ext (29)}) (16. Ng3 Ra7 {--> ½-½ Timman,J-Lautier,J/Pamplona 1999/CBM 75 [Gershon] (30)}) 16... Ra7 17. a3 a4 18. b4 axb3 19. Qxb3 Nf4 20. Rab1 Ra6 $132 {½-½ Lutz,C-Khalifman,A/New Delhi/Teheran 2000/CBM 80 (33)}) ({RR} 14... a5 15. Bxg7 Kxg7 16. Re2 Ra7 17. Rae1 Raf7 18. h4 h5 19. b3 Qc7 20. Ng3 Nd4 21. Nxd4 cxd4 22. c3 Rd8 23. Re4 dxc3 24. Qxc3 c5 25. Ne2 Bf5 26. Nf4 Qd7 27. Ne6+ Bxe6 28. Rxe6 Qxd3 29. Qxd3 {Kramnik,V (2775)-Kasparov,G (2775) Moscow 1996 ½-½}) ({RR} 14... Nd4 15. Nxd4 Qxd4 16. Nc3 Bf5 17. Re7 Rf7 18. Rae1 Raf8 19. h3 Rxe7 20. Rxe7 Rf7 21. Re8+ Rf8 22. Re2 Qd7 23. Bxg7 Kxg7 24. Qe1 Kf7 25. Ne4 Bxe4 26. Rxe4 Re8 27. Rxe8 Qxe8 28. Qxe8+ Kxe8 29. f4 {Piliposyan,R (2415)-Jai Sankar Subramanian (2306) Abu Dhabi UAE 2025 ½-½ (35)}) ({RR} 14... a5 15. Bxg7 Kxg7 16. Ng3 Ra7 17. h4 h5 18. Re4 Re7 19. Rae1 Rfe8 20. Qe3 Kf7 21. Qh6 Rh8 22. Qd2 Rhe8 23. a3 Ng7 24. Qf4 Ne6 25. Ne5+ Kg7 26. Nxh5+ gxh5 27. Qg3+ Kh8 28. Nxc6 Qc7 29. Nxe7 {Stellwagen,D (2512)-Carlsen,M (2581) Hoogeveen 2004 1-0 (53)}) 15. Bxg7 Kxg7 16. a3 $146 {[%cal Gb2b4] If black's pawn would have been placed on a5, black could play now a5-a4 preventing white's b2-b4 advance. Now white seizes the initiative.} ({RR} 16. Re2 Bb7 17. Rae1 Rae8 18. Ng3 Nd4 19. Nxd4 cxd4 20. Qf4 Rxe2 21. Rxe2 c5 22. b3 Qc6 23. Re7+ Rf7 24. Rxf7+ Kxf7 25. Ne4 f5 26. f3 Qd7 27. Ng5+ Kg8 28. Qe5 Bd5 {½-½ (28) Habes,K-Bengherabi,K (2117) Algiers 2013}) 16... Nd4 17. Nxd4 cxd4 18. b4 {Preventing the c6-c5 advance.} Bb7 19. Qf4 Rad8 20. h4 {Trying to create a target on the kingside.} h5 21. f3 c5 $1 {Sooner or later black has to make this move, he can not suffer the strong e4 forever.} 22. bxc5 Bxe4 23. Rxe4 {Rozentalis decided to keep the "e" file open.} ({Possible was} 23. fxe4 bxc5 24. Rab1 {with slight pressure.}) 23... bxc5 24. Rae1 Rde8 {Black is very close to solve all his problems.} 25. g4 {Looks like the only attempt to achieve progress.} Rxe4 26. Qxe4 Qd6 27. Kg2 hxg4 28. Qe7+ (28. fxg4 Rf7 $11 {[%cal Gf6f5]}) 28... Qxe7 29. Rxe7+ Kh6 $6 (29... Rf7 $1 {It appears that black could afford himself to go for pawns endgame.} 30. Rxf7+ Kxf7 31. fxg4 Ke6 {and black holds on, despite white's possibility to organize an "h" passed pawn, for instanse:} 32. Kg3 (32. Kf3 f5 {the same like 32.Kg3.}) 32... f5 33. Kf4 fxg4 34. Kxg4 Kf6 35. a4 a5 36. Kf4 Ke6 37. Kg5 (37. Ke4 Kd6 $11) 37... Kf7 $11) 30. fxg4 c4 $2 {This move wastes an important tempo and weakens the d4.} ({The right continuation was} 30... Rb8 31. Kf3 Rb2 {and black seems to survive, for example:} 32. Kf4 g5+ 33. hxg5+ fxg5+ 34. Kf5 Rxc2 35. Re6+ Kg7 36. Kxg5 Rc3 37. Ra6 Rxd3 38. Rxa7+ Kf8 $11) 31. Kf3 cxd3 32. cxd3 Rc8 33. Kf4 $1 {Threatening mate in three.} g5+ $8 34. hxg5+ fxg5+ 35. Ke4 Rc1 36. Kxd4 Rg1 37. Re4 Ra1 38. Kc5 $1 {[%mdl 4096] Good endgame technique. Rozentalis concentrates on his passed "d" pawn, which is the decisive factor in the position.} ({Worse is} 38. Re6+ $6 Kg7 39. Ra6 Rg1) 38... Rxa3 39. d4 {[%csl Gc5,Gd4,Ge4,Gg4]} Kg6 40. d5 {It should be noted that black's king is out of the game, so white wins easily, nothing can stop the "d" pawn.} Rc3+ 41. Kb5 Kf6 42. d6 Rd3 43. Kc6 a5 44. d7 Rc3+ 45. Kb7 Rb3+ 46. Kc7 Rc3+ 47. Kd8 Kf7 48. Re7+ Kf8 49. Re5 1-0

[Event "Sigeman & Co 12th"]
[Site "Malmo/Copenhagen"]
[Date "2004.05.08"]
[Round "8"]
[White "De Firmian, Nick E"]
[Black "Carlsen, Magnus"]
[Result "0-1"]
[WhiteElo "2542"]
[BlackElo "2552"]
[PlyCount "126"]
[EventDate "2004.04.30"]
[EventType "tourn"]
[EventRounds "9"]
[EventCountry "SWE"]
[EventCategory "13"]
[SourceTitle "CBM 101"]
[Source "ChessBase"]
[SourceDate "2004.07.27"]
[SourceVersion "1"]
[SourceVersionDate "2004.07.27"]
[SourceQuality "1"]

1. e4 e5 2. Nf3 Nc6 3. Bb5 a6 4. Ba4 Nf6 5. O-O Be7 6. Re1 b5 7. Bb3 O-O 8. a4 b4 9. d3 d6 10. a5 Be6 11. Nbd2 Rb8 12. Nc4 Nd7 ({RR} 12... Bg4 13. Be3 Nd7 14. h3 Bxf3 15. Qxf3 Bg5 16. Ba4 Bxe3 17. Qxe3 Nd4 18. c3 bxc3 19. bxc3 Nb5 20. d4 Qe7 21. Rad1 Rfd8 22. Qg3 Qe6 23. Ne3 g6 24. Nd5 c6 25. Bxb5 axb5 26. Nb4 Qc4 27. Qd3 {Kasparov,G (2838)-Grischuk,A (2702) Moscow 2002 ½-½ (39)}) ({RR} 12... Qc8 13. c3 bxc3 14. bxc3 h6 15. h3 Rd8 16. Bc2 Bf8 17. Qe2 Nd7 18. d4 exd4 19. Nxd4 Nxd4 20. cxd4 d5 21. Ne3 Nf6 22. e5 Ne4 23. f3 Ng3 24. Qd3 g6 25. Ng4 c5 26. Nxh6+ Bxh6 27. Bxh6 {Vokhidov,S (2641)-Goganov,A (2511) Al Ain UAE 2025 1-0 (37)}) 13. Be3 d5 $146 ({RR} 13... Nf6 14. h3 h6 15. c3 Qc8 16. Nfd2 Nh7 17. d4 exd4 18. cxd4 d5 19. exd5 Bxd5 20. Nf3 Nf6 21. Nfe5 Bd6 22. Nxc6 Bxc6 23. Rc1 Qd7 24. Ne5 Bxe5 25. dxe5 Ne4 26. Qxd7 Bxd7 27. Rxc7 Be6 28. Bxe6 {Bodnaruk,A (2428)-Cyfka,K (2419) Riadh 2017 1-0 (43)}) ({RR} 13... Bf6 14. c3 bxc3 15. bxc3 Rb7 16. Qc2 Na7 17. d4 Qb8 18. d5 Bg4 19. Nfd2 h6 20. h3 Bh5 21. Ba4 Nb5 22. Na3 Nc5 23. Bxc5 dxc5 24. Reb1 Nxa3 25. Rxa3 Rxb1+ 26. Nxb1 c4 27. g4 Bg6 28. Nd2 {De Firmian,N (2537)-Beliavsky,A (2679) Copenhagen 2004 1-0 (41)}) ({RR} 13... Bf6 14. Nfd2 Nd4 15. Ba2 Nc5 16. Bb1 Bg5 17. c3 bxc3 18. bxc3 Bxe3 19. Rxe3 Nb5 20. Qc2 f5 21. Ba2 Kh8 22. Ree1 Qf6 23. f3 f4 24. Rad1 Rbd8 25. Nb1 Bg8 26. Qf2 Nb7 27. d4 Bxc4 28. Bxc4 {Hodgson,J (2211)-Cobb,J (2425) Sunningdale 2008 0-1 (49)}) 14. exd5 Bxd5 15. Ncd2 Bxb3 16. Nxb3 Rb5 17. Qe2 Kh8 18. d4 e4 19. Qc4 Qa8 20. Nfd2 f5 21. Bf4 Nf6 22. Bxc7 Nd5 23. Bb6 Nf4 24. Nf1 Rf6 25. Ne3 Rg6 26. Kf1 Rh6 27. h3 Qe8 28. Bc7 Bd6 29. Bxd6 Rxd6 30. Rad1 h6 31. Rd2 Qd8 32. d5 Ne5 33. Qd4 Qf6 34. Nxf5 Qxf5 35. Qxe4 Qxe4 36. Rxe4 Neg6 37. g3 Rbxd5 38. gxf4 Rxd2 39. Nxd2 Rxd2 40. f5 Nf8 41. Rxb4 Rxc2 42. Rb8 Kg8 43. b4 Rc6 44. Ke2 Kf7 45. Ke3 Nd7 46. Rb7 Rd6 47. b5 Ke7 48. Ke4 Kd8 49. bxa6 Rxa6 50. Rb5 Kc7 51. Kd5 Rd6+ 52. Ke4 Rd2 53. f3 Kc6 54. Rb1 Ra2 55. Rg1 Re2+ 56. Kd4 Re7 57. Rc1+ Kd6 58. Rc8 Ne5 59. a6 Ra7 60. Rg8 Nxf3+ 61. Kc4 Rxa6 62. Rxg7 Ke5 63. Kd3 Ra3+ 0-1